Tekst Piosenki "I Ciebie też, bardzo" - Statystyki

Ogólne statystyki
  • Ten quiz został rozwiązany 136 razy
  • Średni wynik to 42 z 53
Statystyki odpowiedzi
Tekst Słowo % Poprawnych
Otwieram ......, idę oczy
97%
Musisz ......., że ja ciebie też wiedzieć
93%
Dalego, gdzie ...... rozlewa się wśród gwiazd mleko
91%
Nie chcę tańczyć do melodii, którą ...... znam
91%
Nie martw się, noc jeszcze ..... jest młoda
89%
...... wiedzieć, że ja ciebie też Musisz
89%
Szkoda czasu, ..... nie młoda noc
89%
Nie dam rady w kilku ......, wiesz słowach
89%
Wiem, że nie chcesz się już dłużej ..... bać
88%
Otwieram ......, idę oczy
88%
Podaj ......, szybko podaj rękę
88%
Szkoda czasu, mi nie ....... szkoda
88%
Podam ....., szybko podam rękę
87%
Zielona ......, dobre dni trawa
87%
Dalego, gdzie ...... rozlewa się wśród gwiazd mleko
85%
Nie chcę tańczyć do melodii, którą ...... znam
85%
Wiem, że nie chcesz się już dłużej ..... bać
84%
Wiem, że nie chcesz się już dłużej ..... bać
84%
I Ciebie też ...... bardzo
84%
I Ciebie też ...... bardzo
84%
I Ciebie też ...... bardzo
84%
I Ciebie też ...... bardzo
84%
Dalego, gdzie ...... rozlewa się mleko
84%
Przede mną ..... Ty stoisz
84%
Nie chcę tańczyć do melodii, którą ...... znam
84%
Jestem ......, już mnie porwał wiatr wolny
82%
Wiem, że nie chcesz się już dłużej ..... bać
81%
Nie chcę tańczyć do melodii, którą ...... znam
81%
Dalego, gdzie ...... rozlewa się wśród gwiazd mleko
80%
Za chwilę ....... spotkać się mamy
79%
Wiem, że nie chcesz się już dłużej ..... bać
78%
Wiem, że nie chcesz się już dłużej ..... bać
78%
Dalego, gdzie ...... rozlewa się mleko
78%
Dalego, gdzie ...... rozlewa się wśród gwiazd mleko
78%
I Ciebie też ...... bardzo
77%
Jestem ......, już mnie porwał wiatr wolny
77%
Jestem ......, już mnie porwał wiatr wolny
77%
Nie chcę tańczyć do melodii, którą ...... znam
77%
Nie chcę tańczyć do melodii, którą ...... znam
77%
I Ciebie też ...... bardzo
76%
I Ciebie też ...... bardzo
76%
I Ciebie też ...... bardzo
76%
Chyba po drodze ....... minę
76%
Strachy trzymały mnie za ...... kark
75%
Widzę na jeden ...... metr
75%
Jestem ......, już mnie porwał wiatr wolny
74%
....., znajomy brzeg Stary
72%
Jestem ......, już mnie porwał wiatr wolny
72%
Jestem ......, już mnie porwał wiatr wolny
71%
Skoszona trawa, ..... dzień nudny
64%
............ na jedną chwilę, zostałam kilka lat Weszłam
46%
...... wy! Brawo
21%
Dzięki wielkie ......., dziękujemy Poznań
5%
Nie znaleziono quizów pasujących do podanych kryteriów
Rozkład punktacji
Procent ludzi z każdym wynikiem
Percentyl według liczby udzielonych odpowiedzi
Twoja historia wyników
Nie rozwiązałeś tego quizu